00510nam a2200157Ki 4500040000800000082002600008100002300034245007800057300000800135500005400143500003700197650001700234650002800251700002100279710005200300 cGPO a333 JAY 2019 C106 Or.1 aDianda, Marcella R10aVision and reality :ba first-year look at California's charter schools / a1 v aDistributed to depository libraries in microfiche aShipping list numbers: 95-0310-M 0aFree schools 0aSchool-based management1 aCorwin, Ronald G2 aEducational Resources Information Center (U.S.)